Get it done ! : a blueprint for business execution

Bibliographic Details
Main Author: Welborn, Ralph
Other Authors: Kasten, Vencent
Format: Book
Published: New Jersey : John Wiley & Sons , 2006
Subjects:

MARC

LEADER 00000cam a2200000 7i4500
001 0000019583
005 20070625.0
020 |a 0471479314 
040 |a INS 
090 0 0 |a HD58.9   |b W45 2006 
100 1 |a Welborn, Ralph 
245 1 0 |a Get it done ! :   |b a blueprint for business execution   |c Ralph Welborn, Vince Kasten 
260 |a New Jersey :   |b John Wiley & Sons ,   |c 2006 
300 |a xxxii, 300 p. :   |b ill. ;   |c 24 cm. 
500 |a Includes index 
650 0 0 |a Industrial management 
650 0 0 |a Organizational change 
650 0 0 |a Organizational effectiveness 
700 1 |a Kasten, Vencent 
999 |a 0000018777   |b BOOK   |c Open Shelf   |e Default branch